000
00284nam a22001337a 4500
008
170627b xxu||||| |||| 00| 0 eng d
020
_a
9780805041248
041
_a
eng
080
_a
93
100
_a
21
101
_a
SHH
245
_a
LOST BATTALIONS
_c
SLOTKIN, R
942
_2
udc
_c
BK
999
_c
19118
_d
19118